000 00343pab a2200121 454500
008 180718b xxu||||| |||| 00| 0 eng d
100 _aBhattacharya Debesh
245 _aA critique of zero population growth theory
362 _a73(291), Apr 93, p.513-44
650 _aPopulation -- Growth
773 _aIndian Journal of Economcs
909 _a25675
999 _c25675
_d25675